<?xml version="1.0" encoding="UTF-8"?>
<record
    xmlns:xsi="http://www.w3.org/2001/XMLSchema-instance"
    xsi:schemaLocation="http://www.loc.gov/MARC21/slim http://www.loc.gov/standards/marcxml/schema/MARC21slim.xsd"
    xmlns="http://www.loc.gov/MARC21/slim">

  <leader>00379nam a2200157Ia 4500</leader>
  <controlfield tag="008">230721s2002    xx            000 0 und d</controlfield>
  <datafield tag="020" ind1=" " ind2=" ">
    <subfield code="a">9788123904276 </subfield>
  </datafield>
  <datafield tag="041" ind1=" " ind2=" ">
    <subfield code="a">eng</subfield>
  </datafield>
  <datafield tag="082" ind1=" " ind2=" ">
    <subfield code="a">612.015,VAR</subfield>
  </datafield>
  <datafield tag="100" ind1=" " ind2=" ">
    <subfield code="a">VARLEYS. </subfield>
  </datafield>
  <datafield tag="245" ind1=" " ind2=" ">
    <subfield code="a">PRACTICAL CLINICAL BIOCHEMISTRY</subfield>
  </datafield>
  <datafield tag="250" ind1=" " ind2=" ">
    <subfield code="a">6TH</subfield>
  </datafield>
  <datafield tag="260" ind1=" " ind2=" ">
    <subfield code="b">NEW DELHICBS PUBLISHER</subfield>
    <subfield code="c">2002</subfield>
  </datafield>
  <datafield tag="300" ind1=" " ind2=" ">
    <subfield code="a">1050 </subfield>
  </datafield>
  <datafield tag="650" ind1=" " ind2=" ">
    <subfield code="a">Biochemistry</subfield>
  </datafield>
  <datafield tag="999" ind1=" " ind2=" ">
    <subfield code="c">706262</subfield>
    <subfield code="d">706262</subfield>
  </datafield>
  <datafield tag="952" ind1=" " ind2=" ">
    <subfield code="0">0</subfield>
    <subfield code="1">0</subfield>
    <subfield code="4">0</subfield>
    <subfield code="7">0</subfield>
    <subfield code="a">DCS</subfield>
    <subfield code="b">DCS</subfield>
    <subfield code="d">2012-05-04</subfield>
    <subfield code="e">BHARATI SAHAKARI GRAHAK BHANDER PUNE</subfield>
    <subfield code="g">2295.00</subfield>
    <subfield code="l">0</subfield>
    <subfield code="o">612.015,VAR</subfield>
    <subfield code="p">DCS-BVDS-3354</subfield>
    <subfield code="r">2026-06-30 09:16:55</subfield>
    <subfield code="w">2023-07-21</subfield>
    <subfield code="y">BK</subfield>
  </datafield>
</record>
